| 000 | 00583nam a2200229Ia 4500 | ||
|---|---|---|---|
| 003 | OSt | ||
| 005 | 20220927112928.0 | ||
| 006 | a|||||r|||| 00| 0 | ||
| 007 | ta | ||
| 008 | 220926b |||||||| |||| 00| 0 eng d | ||
| 024 | _a150989 | ||
| 037 | _cReports | ||
| 040 |
_aRTL _cRTL _beng |
||
| 041 |
_2eng _aeng |
||
| 082 | _a"X9(J).273r, G7/GD" | ||
| 110 |
_aBihar _9351860 |
||
| 245 | 0 | _aReport of the agricultural department of Bihar & Orrisa | |
| 260 | _aPatna | ||
| 700 |
_aBihar _9351861 |
||
| 942 |
_h"X9(J).273r, G7/GD" _cCC |
||
| 999 |
_c700980 _d700980 |
||